تحریر الوسلییۃ (Record no. 64914)

MARC details
000 -LEADER
fixed length control field 00246nam a22001097a 4500
082 ## - DEWEY DECIMAL CLASSIFICATION NUMBER
Classification number 297.562 K H U
100 ## - MAIN ENTRY--AUTHOR NAME
Personal name حضرت امام خمینی
245 ## - TITLE STATEMENT
Title تحریر الوسلییۃ
260 ## - PUBLICATION, DISTRIBUTION, ETC. (IMPRINT)
Place of publication ایران
300 ## - PHYSICAL DESCRIPTION
Number of Pages ۶۵۱
942 ## - ADDED ENTRY ELEMENTS (KOHA)
Koha item type Books
Holdings
Withdrawn status Lost status Home library Current library Date acquired Full call number Accession Number Koha item type
    Reference Section Reference Section 03/07/2019 297.562 K H U (Shelf -19A) R 22342 Books